[Event "Open Portugal 2019"]
[Site "Lisboa POR"]
[Date "2019.02.08"]
[Round "8.4"]
[White "Galego, Luís"]
[Black "Hansen, Eric"]
[Result "1/2-1/2"]
[WhiteElo "2508"]
[BlackElo "2615"]
[WhiteFideId "1900072"]
[BlackFideId "2606771"]
[WhiteTitle "GM"]
[BlackTitle "GM"]
[WhiteCountry "POR"]
[BlackCountry "CAN"]
[PlyCount "61"]
[EventDate "2019.??.??"]

1. Nf3 g6 2. d4 Nf6 3. Bg5 Bg7 4. Nbd2 O-O 5. e4 d6 6. c3 c5 7. dxc5 dxc5 8. Bc4
Nc6 9. h3 Qc7 10. O-O b6 11. Re1 Nh5 12. Nf1 Rd8 13. Qc1 Bb7 14. Ne3 Ne5 15.
Nxe5 Bxe5 16. Ng4 Bf4 17. Bxf4 Qxf4 18. Qxf4 Nxf4 19. Nh6+ Kg7 20. Nxf7 Rd2 21.
Ne5 Rxb2 22. Rad1 b5 23. Bf1 Bc8 24. Rd8 c4 25. a4 a6 26. Re8 Kf6 27. Nd7+ Kf7
28. Rh8 Kg7 29. Re8 Kf7 30. Rh8 Kg7 31. Re8 1/2-1/2

[Event "Open Portugal 2019"]
[Site "Lisboa POR"]
[Date "2019.02.08"]
[Round "8.6"]
[White "Kadric, Denis"]
[Black "Bilgüün, Sumiya"]
[Result "0-1"]
[WhiteElo "2545"]
[BlackElo "2471"]
[WhiteFideId "14403803"]
[BlackFideId "4901541"]
[WhiteTitle "GM"]
[BlackTitle "IM"]
[WhiteCountry "BIH"]
[BlackCountry "MGL"]
[PlyCount "99"]
[EventDate "2019.??.??"]

1. e4 c5 2. Nf3 e6 3. d4 cxd4 4. Nxd4 a6 5. Nc3 b5 6. Bd3 Bb7 7. O-O Nf6 8. Re1
Qb6 9. Nb3 h5 10. h3 Qc7 11. e5 b4 12. exf6 bxc3 13. Be4 gxf6 14. Qf3 Bxe4 15.
Rxe4 Be7 16. bxc3 d5 17. Re2 Nd7 18. Bf4 Ne5 19. Qg3 Bd6 20. Qh4 Qxc3 21. Bd2
Rg8 22. Bxc3 Nf3+ 23. Kf1 Nxh4 24. g3 Nf5 25. Bxf6 Rc8 26. Nd4 Be7 27. Be5 Nxd4
28. Bxd4 Kd7 29. Rb1 Rb8 30. Rb3 a5 31. Kg2 a4 32. Rf3 f5 33. Be5 Rb4 34. Rc3
Bd6 35. Bxd6 Kxd6 36. Rce3 Re8 37. c3 Rc4 38. a3 Re4 39. Rxe4 fxe4 40. Rb2 Rc8
41. Rb4 Rxc3 42. Rxa4 Ke5 43. Ra8 d4 44. Ra5+ Kf6 45. Kf1 Rc1+ 46. Ke2 d3+ 47.
Kd2 Rf1 48. Ra4 Rxf2+ 49. Ke1 Re2+ 50. Kd1 0-1

[Event "Open Portugal 2019"]
[Site "Lisboa POR"]
[Date "2019.02.08"]
[Round "8.7"]
[White "Spraggett, Kevin"]
[Black "Alshameary Puente, Ismael"]
[Result "1/2-1/2"]
[WhiteElo "2513"]
[BlackElo "2418"]
[WhiteFideId "2600013"]
[BlackFideId "2225166"]
[WhiteTitle "GM"]
[BlackTitle "FM"]
[WhiteCountry "CAN"]
[BlackCountry "ESP"]
[PlyCount "120"]
[EventDate "2019.??.??"]

1. e4 c5 2. Nf3 d6 3. d4 cxd4 4. Nxd4 Nf6 5. Nc3 a6 6. Be2 e5 7. Nb3 Be7 8. O-O
O-O 9. Re1 Be6 10. Bf1 Nbd7 11. Nd5 Nxd5 12. exd5 Bf5 13. a4 Rc8 14. c3 Bg6 15.
a5 f5 16. f4 Nf6 17. Be3 Bf7 18. c4 Bh5 19. Qd3 Ne4 20. Bb6 Qd7 21. Nd2 Bh4 22.
fxe5 dxe5 23. Nxe4 fxe4 24. Qxe4 Bxe1 25. Rxe1 Rce8 26. Bc5 Rf4 27. Qe3 Bg6 28.
b4 Re4 29. Qd2 Rxe1 30. Qxe1 h6 31. Qd2 Qf5 32. Be2 Qb1+ 33. Qd1 Qxd1+ 34. Bxd1
Bd3 35. Bb3 e4 36. Kf2 e3+ 37. Bxe3 Re4 38. d6 Kf7 39. Bc5 Re8 40. d7 Rd8 41.
Ba4 Bf5 42. Bb6 Rxd7 43. Bxd7 Bxd7 44. Ke3 Bc6 45. g3 Ke6 46. Kd4 g6 47. Kc5 h5
48. Bc7 Kd7 49. Kb6 Kc8 50. Bf4 Be4 51. b5 axb5 52. cxb5 Bd3 53. Kc5 Kd7 54. Kb6
Kc8 55. a6 bxa6 56. bxa6 Be2 57. a7 Bf3 58. h3 Bg2 59. g4 hxg4 60. hxg4 Bf3
1/2-1/2

[Event "Open Portugal 2019"]
[Site "Lisboa POR"]
[Date "2019.02.08"]
[Round "8.8"]
[White "Iniyan, P."]
[Black "Dvirnyy, Danyyil"]
[Result "1/2-1/2"]
[WhiteElo "2480"]
[BlackElo "2487"]
[WhiteFideId "25002767"]
[BlackFideId "817570"]
[WhiteTitle "IM"]
[BlackTitle "GM"]
[WhiteCountry "IND"]
[BlackCountry "ITA"]
[PlyCount "61"]
[EventDate "2019.??.??"]

1. d4 d5 2. c4 e6 3. Nf3 Nf6 4. Bg5 Be7 5. e3 O-O 6. Nc3 h6 7. Bh4 Ne4 8. Bxe7
Qxe7 9. Rc1 c6 10. Bd3 Nxc3 11. Rxc3 dxc4 12. Bxc4 Nd7 13. O-O b6 14. Bd3 c5 15.
Be4 Rb8 16. Qa4 a6 17. Rfc1 Nf6 18. dxc5 bxc5 19. Rxc5 Nxe4 20. Qxe4 Bb7 21. Qe5
Bxf3 22. gxf3 Qb7 23. Rc6 Qxb2 24. Qxb2 Rxb2 25. Rxa6 Rd8 26. a4 Rdd2 27. Rf1
Ra2 28. Ra8+ Kh7 29. Ra7 Kg8 30. Kg2 g5 31. Kg3 1/2-1/2

[Event "Open Portugal 2019"]
[Site "Lisboa POR"]
[Date "2019.02.08"]
[Round "8.10"]
[White "Christiansen, Johan-Sebastian"]
[Black "Fus, Jakub"]
[Result "1-0"]
[WhiteElo "2559"]
[BlackElo "2326"]
[WhiteFideId "1512668"]
[BlackFideId "1193023"]
[WhiteTitle "GM"]
[WhiteCountry "NOR"]
[BlackCountry "POL"]
[PlyCount "85"]
[EventDate "2019.??.??"]

1. d4 Nf6 2. Bf4 d5 3. e3 e6 4. Nf3 c5 5. Nbd2 Nc6 6. c3 cxd4 7. exd4 Nh5 8. Be3
Bd6 9. Ne5 g6 10. Nd3 O-O 11. Be2 Ng7 12. Nf3 f6 13. O-O e5 14. dxe5 fxe5 15.
Qb3 Bc7 16. Nb4 Nxb4 17. Qxb4 Nf5 18. Rad1 Nxe3 19. fxe3 Be6 20. e4 Rf4 21. Nd2
Bb6+ 22. Kh1 Qf8 23. Qb3 Qf7 24. Rxf4 exf4 25. Qc2 dxe4 26. Nxe4 Bf5 27. Qa4 Rd8
28. Rxd8+ Bxd8 29. Bc4 Be6 30. Nd6 Qe7 31. Nxb7 Bb6 32. Qb4 Qd7 33. Nd6 Bxc4 34.
Qxc4+ Kg7 35. Qxf4 Qe6 36. Ne4 Qxa2 37. Qe5+ Kh6 38. Qg5+ Kg7 39. Qe7+ Kh6 40.
Qf8+ Kh5 41. Ng3+ Kg5 42. h4+ Kg4 43. Qf3+ 1-0

[Event "Open Portugal 2019"]
[Site "Lisboa POR"]
[Date "2019.02.08"]
[Round "8.11"]
[White "Jakubowski, Krzystof"]
[Black "Godzwon, Iwo"]
[Result "1-0"]
[WhiteElo "2514"]
[BlackElo "2322"]
[WhiteFideId "1112848"]
[BlackFideId "21802483"]
[WhiteTitle "GM"]
[BlackTitle "FM"]
[WhiteCountry "POL"]
[BlackCountry "POL"]
[PlyCount "125"]
[EventDate "2019.??.??"]

1. e4 e5 2. Nf3 Nc6 3. Bb5 a6 4. Bxc6 dxc6 5. Nc3 Bd6 6. d4 Bg4 7. dxe5 Bxf3 8.
Qxf3 Bxe5 9. Bd2 Nf6 10. O-O-O Qe7 11. Qf5 O-O 12. Rhe1 Rad8 13. f4 Bxc3 14.
Bxc3 Rxd1+ 15. Kxd1 Rd8+ 16. Kc1 Ne8 17. e5 g6 18. Qe4 Qe6 19. b3 Ng7 20. h3 Qd5
21. g4 Qxe4 22. Rxe4 Kf8 23. Re1 Ne6 24. Rf1 c5 25. Kb2 Rd5 26. a3 Nd8 27. f5
gxf5 28. gxf5 Nc6 29. Re1 b5 30. Kb1 Nd4 31. f6 Nf3 32. Re4 Rd1+ 33. Kb2 Rh1 34.
e6 fxe6 35. Rxe6 Rxh3 36. Rc6 Ng5 37. Rxc7 Ne4 38. Be5 Rh5 39. Bf4 Nxf6 40. Bd6+
Ke8 41. Bxc5 Nd7 42. Bb4 Rh6 43. c4 Rh2+ 44. Kc3 Rh3+ 45. Kd4 Rxb3 46. c5 a5 47.
Be1 Nxc5 48. Kxc5 Rxa3 49. Kxb5 h5 50. Bxa5 Rd3 51. Kc6 Rd1 52. Bb4 Rc1+ 53. Bc5
h4 54. Re7+ Kd8 55. Rh7 Ke8 56. Kd5 Rd1+ 57. Bd4 h3 58. Ke6 Kd8 59. Be5 Kc8 60.
Rc7+ Kd8 61. Rc3 Re1 62. Rxh3 Kc8 63. Rb3 1-0

[Event "Open Portugal 2019"]
[Site "Lisboa POR"]
[Date "2019.02.08"]
[Round "8.12"]
[White "Miezis, Normunds"]
[Black "Bartel, Michal"]
[Result "1-0"]
[WhiteElo "2467"]
[BlackElo "2306"]
[WhiteFideId "11600136"]
[BlackFideId "1119257"]
[WhiteTitle "GM"]
[BlackTitle "FM"]
[WhiteCountry "LAT"]
[BlackCountry "POL"]
[PlyCount "67"]
[EventDate "2019.??.??"]

1. c4 e5 2. Nc3 Bb4 3. Nd5 Be7 4. d4 d6 5. g3 Nf6 6. Nxe7 Qxe7 7. Bg2 O-O 8. Nf3
c5 9. d5 Ne8 10. e4 Nc7 11. a4 Bg4 12. Qb3 Bxf3 13. Bxf3 b6 14. O-O Nd7 15. h4
Rfb8 16. Bg5 Qe8 17. h5 a6 18. h6 f6 19. Bd2 g6 20. Bg4 b5 21. Qc2 bxc4 22. Be2
Qe7 23. Bxc4 Rf8 24. Rae1 Ra7 25. f4 Na8 26. Bc3 Nab6 27. Be2 Rf7 28. Bg4 Nf8
29. fxe5 fxe5 30. Rxf7 Qxf7 31. Qb3 Rb7 32. Rf1 Qe7 33. Bd2 Na8 34. Bg5 1-0

[Event "Open Portugal 2019"]
[Site "Lisboa POR"]
[Date "2019.02.08"]
[Round "8.13"]
[White "Shailesh, Dravid"]
[Black "Terrieux, Kevin"]
[Result "0-1"]
[WhiteElo "2324"]
[BlackElo "2459"]
[WhiteFideId "25017969"]
[BlackFideId "622591"]
[WhiteTitle "FM"]
[BlackTitle "IM"]
[WhiteCountry "IND"]
[BlackCountry "FRA"]
[PlyCount "114"]
[EventDate "2019.??.??"]

1. e4 c5 2. Nf3 a6 3. Nc3 b5 4. d4 cxd4 5. Nxd4 Bb7 6. Bd3 e6 7. O-O Nc6 8. Nxc6
Bxc6 9. Re1 d6 10. a4 b4 11. Nd5 a5 12. Qh5 Be7 13. Nxe7 Nxe7 14. e5 d5 15. Bg5
Qd7 16. b3 d4 17. Rad1 Qb7 18. Qg4 O-O-O 19. Ba6 Qxa6 20. Bxe7 h5 21. Qf4 Rd5
22. Rxd4 Qb7 23. Rxd5 Bxd5 24. Qg5 Kb8 25. Bd6+ Ka8 26. Qxg7 Rc8 27. Qg5 Be4 28.
h4 Bxc2 29. Re3 Bg6 30. Kh2 Qd5 31. Qe7 Qd4 32. Bc7 Qa7 33. Bd6 Qd4 34. Rf3 Qa7
35. Qg5 Qd4 36. Rf4 Qd5 37. Qe7 Qb7 38. Qf6 Qd5 39. f3 Kb7 40. Qe7+ Ka8 41. Bc7
Bd3 42. Rxf7 Ba6 43. Bd6 Bb7 44. Rg7 Ka7 45. Qd7 Rc2 46. Qd8 Ka6 47. Qd7 Rc3 48.
Re7 Rc2 49. Rf7 Ka7 50. Rf6 Re2 51. Qc7 Ka6 52. Rf7 Re3 53. Kh3 Rc3 54. Qe7 Rxb3
55. Rf6 Rc3 56. Qxe6 Qxe6+ 57. Rxe6 Bc8 1-0

[Event "Open Portugal 2019"]
[Site "Lisboa POR"]
[Date "2019.02.08"]
[Round "8.14"]
[White "Butkiewicz, Lukasz"]
[Black "Chylewski, Patryk"]
[Result "1/2-1/2"]
[WhiteElo "2445"]
[BlackElo "2304"]
[WhiteFideId "1122428"]
[BlackFideId "1186191"]
[WhiteTitle "IM"]
[BlackTitle "FM"]
[WhiteCountry "POL"]
[BlackCountry "POL"]
[PlyCount "85"]
[EventDate "2019.??.??"]

1. d4 d5 2. c4 e6 3. Nf3 a6 4. cxd5 exd5 5. Nc3 Nf6 6. Bg5 Be6 7. e3 Nbd7 8. Bd3
Bd6 9. Qc2 c6 10. Bh4 Qc7 11. Bg3 Bg4 12. O-O-O O-O 13. Kb1 Bh5 14. Bf5 Rfe8 15.
Rc1 Rad8 16. Bxd6 Qxd6 17. Rhg1 Bg4 18. Bxg4 Nxg4 19. h3 Ngf6 20. g4 Qe6 21. Nd2
Rc8 22. Ne2 Ne4 23. Nxe4 Qxe4 24. Qxe4 Rxe4 25. Nf4 Ree8 26. Rc3 Nf6 27. f3 Rcd8
28. Rd1 Re7 29. Kc2 Ne8 30. Kd3 Nd6 31. b3 g6 32. Rc2 Kg7 33. Re1 Rde8 34. a4 f5
35. g5 Nf7 36. Rg2 Nd8 37. Kd2 Ne6 38. Nxe6+ Rxe6 39. f4 Re4 40. Rge2 h6 41.
gxh6+ Kxh6 42. b4 a5 43. bxa5 1/2-1/2

[Event "Open Portugal 2019"]
[Site "Lisboa POR"]
[Date "2019.02.08"]
[Round "8.15"]
[White "Napoli, Nicolo"]
[Black "Korley, Kassa"]
[Result "1/2-1/2"]
[WhiteElo "2316"]
[BlackElo "2426"]
[WhiteFideId "813702"]
[BlackFideId "2033801"]
[WhiteTitle "FM"]
[BlackTitle "IM"]
[WhiteCountry "ITA"]
[BlackCountry "DEN"]
[PlyCount "150"]
[EventDate "2019.??.??"]

1. d4 e6 2. c4 Nf6 3. Nf3 d5 4. g3 Be7 5. Bg2 O-O 6. O-O c6 7. Qc2 Nbd7 8. Nbd2
b6 9. Rd1 Bb7 10. e4 c5 11. cxd5 exd5 12. e5 Ne8 13. Nf1 cxd4 14. Rxd4 Rc8 15.
Qd1 Nc7 16. Ne3 Ne6 17. Ra4 a5 18. Nf5 g6 19. Nh6+ Kh8 20. Bh3 Ndc5 21. Nd4 Qe8
22. Nxe6 fxe6 23. Rd4 Ne4 24. f3 Ng5 25. Bg2 Nf7 26. Nxf7+ Rxf7 27. Kh1 Ba6 28.
Bh6 Bf8 29. Qd2 Bxh6 30. Qxh6 Qf8 31. Qe3 Rc2 32. Rd2 Rc6 33. Rad1 Kg7 34. h4
Rf5 35. f4 Rf7 36. Kh2 Qc5 37. Rd4 Qe7 38. R4d2 Rc5 39. Rd4 Rf8 40. Qf3 Rc2 41.
R1d2 Qc5 42. Qg4 Rf5 43. Kh3 Rc1 44. Rd1 h5 45. Qf3 Rc2 46. R1d2 Rf7 47. Qb3 Rc1
48. Rd1 Rxd1 49. Rxd1 Be2 50. Rd2 Bg4+ 51. Kh2 Rc7 52. Bf3 Qc1 53. Rf2 Qe1 54.
Re2 Qb1 55. Qxb6 Bxf3 56. Qxc7+ Kh6 57. Rg2 Qf1 58. Qc2 Bxg2 59. Qxg2 Qd1 60.
Qg1 Qd2+ 61. Qg2 Qd3 62. g4 Qe3 63. Qg3 Qe2+ 64. Kh3 Kg7 65. gxh5 Qxh5 66. Qa3
Qf5+ 67. Kg3 Kh6 68. Qe3 Kh5 69. Qf3+ Kh6 70. Qe3 a4 71. b3 axb3 72. axb3 Kh5
73. Qe2+ Kh6 74. Qe3 Kh5 75. Qe2+ Kh6 1/2-1/2

[Event "Open Portugal 2019"]
[Site "Lisboa POR"]
[Date "2019.02.08"]
[Round "8.16"]
[White "Thórhallsson, Thröstur"]
[Black "Kowalski, Igor"]
[Result "1-0"]
[WhiteElo "2425"]
[BlackElo "2296"]
[WhiteFideId "2300109"]
[BlackFideId "1172468"]
[WhiteTitle "GM"]
[BlackTitle "FM"]
[WhiteCountry "ISL"]
[BlackCountry "POL"]
[PlyCount "158"]
[EventDate "2019.??.??"]

1. e4 e5 2. Nf3 Nc6 3. Bc4 Bc5 4. c3 Nf6 5. d3 O-O 6. Bb3 d5 7. Qe2 Be6 8. Bg5
dxe4 9. dxe4 h6 10. Bh4 Bxb3 11. axb3 g5 12. Bg3 Qe7 13. Nbd2 Qe6 14. Nc4 Nxe4
15. b4 Nxg3 16. hxg3 Be7 17. b5 Nd8 18. Nfxe5 Re8 19. O-O-O a6 20. b6 cxb6 21.
f4 b5 22. f5 Qxf5 23. Ng4 Qe6 24. Nxh6+ Kf8 25. Qh5 Bf6 26. Nd6 Qe3+ 27. Kb1 Qe2
28. Ng4 Bg7 29. Nxe8 Qe4+ 30. Kc1 Qxe8 31. Qxg5 Ne6 32. Qf5 b4 33. Ne5 bxc3 34.
Nd7+ Ke7 35. Rhe1 Qh8 36. Nc5 Qh6+ 37. Kb1 Qf6 38. Rd7+ Ke8 39. Qxf6 Bxf6 40.
Rxb7 c2+ 41. Kxc2 Rc8 42. b4 Be7 43. Kd3 Bxc5 44. bxc5 Rxc5 45. Rf1 Rg5 46. Rb8+
Ke7 47. Rf3 Rd5+ 48. Ke3 Nc5 49. Rc8 Nd7 50. Kf4 Rd4+ 51. Kg5 Rd5+ 52. Kh4 Ne5
53. Ra3 Rd4+ 54. Kg5 Rd6 55. Ra8 Rd2 56. Kf5 f6 57. Ra7+ Nd7 58. R3xa6 Rf2+ 59.
Kg4 Rxg2 60. Ra3 Ke6 61. R7a6+ Kf7 62. Ra7 Ke6 63. R3a6+ Ke7 64. Ra2 Rxa2 65.
Rxa2 Ke6 66. Re2+ Kf7 67. Kf5 Nf8 68. Ra2 Ng6 69. Ra7+ Ne7+ 70. Kg4 Ke6 71. Kh5
Nf5 72. g4 Ne3 73. Ra1 Kf7 74. Ra4 Nd5 75. Kh6 Ke6 76. Kg7 f5 77. g5 f4 78. g6
f3 79. Ra3 Nb6 1-0

[Event "Open Portugal 2019"]
[Site "Lisboa POR"]
[Date "2019.02.08"]
[Round "8.18"]
[White "Palozza, Christian"]
[Black "Haug, Johannes"]
[Result "0-1"]
[WhiteElo "2237"]
[BlackElo "2403"]
[WhiteFideId "895580"]
[BlackFideId "1509268"]
[WhiteTitle "FM"]
[BlackTitle "FM"]
[WhiteCountry "ITA"]
[BlackCountry "NOR"]
[PlyCount "76"]
[EventDate "2019.??.??"]

1. d4 Nf6 2. c4 e6 3. Nf3 Bb4+ 4. Bd2 a5 5. g3 O-O 6. Bg2 d5 7. Qc2 c6 8. O-O
Be7 9. Rd1 Nbd7 10. Bg5 b5 11. b3 Ba6 12. Nbd2 bxc4 13. bxc4 Rc8 14. Bxf6 Nxf6
15. Qa4 c5 16. Rac1 cxd4 17. Nxd4 Bb4 18. N4f3 Qe7 19. Bf1 Nd7 20. e3 Nb6 21.
Qb3 dxc4 22. Bxc4 a4 23. Qd3 Bxd2 24. Nxd2 Rfd8 25. Bxa6 Rxc1 26. Rxc1 Rxd3 27.
Bxd3 Qa3 28. Rc6 Qxd3 29. Rxb6 g5 30. Rb2 a3 31. Rb8+ Kg7 32. Nb1 Qd1+ 33. Kg2
Qd5+ 34. Kg1 Qxa2 35. h3 Qa1 36. Kg2 a2 37. Nd2 Qd1 38. Nb3 Qd6 0-1

[Event "Open Portugal 2019"]
[Site "Lisboa POR"]
[Date "2019.02.08"]
[Round "8.19"]
[White "Sukandar, Irine Kharisma"]
[Black "Ranaldi, Lucas"]
[Result "1/2-1/2"]
[WhiteElo "2397"]
[BlackElo "2229"]
[WhiteFideId "7101937"]
[BlackFideId "1519484"]
[WhiteTitle "IM"]
[BlackTitle "FM"]
[WhiteCountry "INA"]
[BlackCountry "NOR"]
[PlyCount "146"]
[EventDate "2019.??.??"]

1. d4 Nf6 2. Bf4 d5 3. e3 c5 4. c3 Nc6 5. Nd2 cxd4 6. exd4 Bf5 7. Ngf3 e6 8. Ne5
Bd6 9. Bb5 Bxe5 10. Bxe5 O-O 11. Bxc6 bxc6 12. O-O Nd7 13. Re1 Qb6 14. Bd6 Rfc8
15. b4 a5 16. Nb3 a4 17. Nd2 Qb5 18. Re3 Nb6 19. Rg3 f6 20. h4 Nc4 21. Nxc4 Qxc4
22. h5 h6 23. Qd2 Kh7 24. Re1 Rd8 25. Bf4 Re8 26. a3 Rad8 27. Bc7 Rd7 28. Qf4
Kg8 29. Bb6 Kf7 30. Bc5 Qb5 31. Rge3 Qb8 32. Qf3 Be4 33. Qe2 Rdd8 34. Qg4 Bf5
35. Qd1 Qb5 36. f3 Qa6 37. R1e2 Ra8 38. Qe1 Bd3 39. Rd2 Bh7 40. Qg3 Qb7 41. Rde2
Qd7 42. Kf2 Bf5 43. Ke1 Bh7 44. Kd2 Bf5 45. Qf4 Bh7 46. g4 Kg8 47. Qg3 Kf7 48.
Re1 Qb7 49. Qd6 Rad8 50. Rxe6 Rxd6 51. Rxe8 Qd7 52. Ra8 f5 53. Ra7 Qxa7 54. Bxa7
fxg4 55. fxg4 Rf6 56. Bc5 Rf2+ 57. Ke3 Rf6 58. Kd2 Rf2+ 59. Ke3 Rf6 60. Rg1 Re6+
61. Kd2 Rf6 62. Rg2 Be4 63. Rg1 Rf2+ 64. Ke1 Rf3 65. b5 cxb5 66. Bb4 g5 67.
hxg6+ Kxg6 68. Ke2 Rh3 69. Kf2 Kg5 70. Be7+ Kg6 71. Rg3 Rxg3 72. Kxg3 h5 73.
gxh5+ Kxh5 1/2-1/2

[Event "Open Portugal 2019"]
[Site "Lisboa POR"]
[Date "2019.02.08"]
[Round "8.20"]
[White "Di Nicolantonio, Lucas"]
[Black "Li, Xueyi"]
[Result "0-1"]
[WhiteElo "2364"]
[BlackElo "2217"]
[WhiteFideId "680460"]
[BlackFideId "8605912"]
[WhiteTitle "FM"]
[WhiteCountry "FRA"]
[BlackCountry "CHN"]
[PlyCount "70"]
[EventDate "2019.??.??"]

1. f4 d5 2. Nf3 Nf6 3. g3 g6 4. Bg2 Bg7 5. O-O O-O 6. d3 c5 7. c3 Nc6 8. Na3 Re8
9. Nh4 h6 10. e4 e5 11. f5 g5 12. exd5 Ne7 13. Nf3 Nexd5 14. Nc4 e4 15. dxe4
Nxe4 16. a4 Bxf5 17. Nfe5 Ndxc3 18. Qh5 Bg6 19. Nxg6 fxg6 20. Qxg6 Ne2+ 21. Kh1
N4xg3+ 22. hxg3 Nxg3+ 23. Kh2 Nxf1+ 24. Bxf1 Qd4 25. Be3 Qh4+ 26. Kg2 Qg4+ 27.
Kh2 Re4 28. Bg2 Rxc4 29. Rf1 Qe2 30. Qe6+ Kh8 31. Rf2 Qg4 32. Qg6 Rd8 33. Bf3
Be5+ 34. Kh1 Rd1+ 35. Bxd1 Qxd1+ 0-1

[Event "Open Portugal 2019"]
[Site "Lisboa POR"]
[Date "2019.02.08"]
[Round "8.21"]
[White "Sousa, Ludy"]
[Black "Miedema, David"]
[Result "1-0"]
[WhiteElo "2169"]
[BlackElo "2356"]
[WhiteFideId "1504134"]
[BlackFideId "1018477"]
[WhiteTitle "CM"]
[BlackTitle "IM"]
[WhiteCountry "NOR"]
[BlackCountry "NED"]
[PlyCount "63"]
[EventDate "2019.??.??"]

1. e4 c5 2. Nf3 Nc6 3. d4 cxd4 4. Nxd4 Nf6 5. Nc3 e5 6. Ndb5 d6 7. Bg5 a6 8. Na3
b5 9. Nd5 Be7 10. Bxf6 Bxf6 11. c3 Bg5 12. Nc2 Rb8 13. Nce3 a5 14. a4 Bxe3 15.
Bxb5 Bxf2+ 16. Kxf2 O-O 17. Bxc6 Rxb2+ 18. Kg1 Be6 19. h3 Kh8 20. Qf3 Qg5 21. c4
f5 22. Kh2 Rc8 23. exf5 Bxf5 24. Ne3 Rxc6 25. Nxf5 Rcb6 26. Rhd1 h5 27. Nxd6 Qg6
28. Nf7+ Kh7 29. Rd8 Rb8 30. Rd6 R8b3 31. Qe4 Rxg2+ 32. Qxg2 1-0

[Event "Open Portugal 2019"]
[Site "Lisboa POR"]
[Date "2019.02.08"]
[Round "8.22"]
[White "Pantzar, Milton"]
[Black "Vasques, António"]
[Result "1-0"]
[WhiteElo "2331"]
[BlackElo "2210"]
[WhiteFideId "1721003"]
[BlackFideId "1908332"]
[WhiteTitle "FM"]
[BlackTitle "FM"]
[WhiteCountry "SWE"]
[BlackCountry "POR"]
[PlyCount "131"]
[EventDate "2019.??.??"]

1. Nf3 Nf6 2. d4 g6 3. Nbd2 d5 4. b4 Bg7 5. e3 O-O 6. Bb2 a5 7. b5 c5 8. bxc6
bxc6 9. Be2 Ba6 10. O-O c5 11. dxc5 Qc7 12. c4 Qxc5 13. Nb3 Qb4 14. cxd5 Bxe2
15. Qxe2 Nxd5 16. Bxg7 Kxg7 17. Rfd1 Nf6 18. Ne5 Qe4 19. Nc4 Nc6 20. Rac1 Rfb8
21. h3 a4 22. Nc5 Qf5 23. Na3 Ne5 24. Nb5 Qh5 25. Qxh5 Nxh5 26. Nd4 g5 27. Nf5+
Kf8 28. g4 Nf6 29. f4 Nf3+ 30. Kf2 Nh4 31. fxg5 Rb2+ 32. Kg3 Nxf5+ 33. gxf5 Nh5+
34. Kg4 Ng7 35. a3 Rg2+ 36. Kf3 Rxg5 37. e4 Nh5 38. Rg1 Rxg1 39. Rxg1 Rc8 40.
Rc1 Ke8 41. Rc3 e6 42. fxe6 fxe6 43. Nxa4 Ra8 44. Nb6 Ra6 45. Nc4 Nf6 46. Kf4
Ke7 47. Ne5 Ra4 48. Nc6+ Kd6 49. Nb4 Nd7 50. Rc6+ Ke7 51. Ra6 Rxa6 52. Nxa6 Kd6
53. Nb4 Kc5 54. h4 Kd4 55. Nc6+ Kc5 56. Ne5 Nf6 57. Ng4 Nd7 58. h5 Kd4 59. h6
Kd3 60. e5 Kd4 61. a4 Kc5 62. Nf6 Nf8 63. Kg5 Kb4 64. Nxh7 Nxh7+ 65. Kg6 Nf8+
66. Kg7 1-0

[Event "Open Portugal 2019"]
[Site "Lisboa POR"]
[Date "2019.02.08"]
[Round "8.23"]
[White "Lisowski, Krzysztof"]
[Black "Pastar, Slaven"]
[Result "1/2-1/2"]
[WhiteElo "2135"]
[BlackElo "2330"]
[WhiteFideId "1110969"]
[BlackFideId "14402718"]
[BlackTitle "FM"]
[WhiteCountry "POL"]
[BlackCountry "BIH"]
[PlyCount "133"]
[EventDate "2019.??.??"]

1. e4 e5 2. Nf3 Nc6 3. Bc4 Bc5 4. c3 Nf6 5. d4 exd4 6. e5 d5 7. Be2 d3 8. exf6
dxe2 9. Qxe2+ Kf8 10. b4 Bd6 11. b5 Na5 12. fxg7+ Kxg7 13. O-O Bg4 14. Be3 Re8
15. Nbd2 Qd7 16. Qd3 Kg8 17. Nd4 Bh5 18. Nf5 Bg6 19. Nh6+ Kg7 20. Qd4+ Be5 21.
Qb4 Nc4 22. Nxc4 dxc4 23. Qxc4 Qd3 24. Qh4 Bxc3 25. Rac1 Bf6 26. Bg5 Bxg5 27.
Qxg5 Qd8 28. Nf5+ Kh8 29. Qxd8 Raxd8 30. Ne3 Bd3 31. Rfd1 Bxb5 32. Rxd8 Rxd8 33.
Rxc7 Rd7 34. Rc5 Bc6 35. h4 Kg7 36. Rc2 Kf6 37. Kf1 Rd4 38. g3 Bf3 39. Ke1 a5
40. Rc5 Ke6 41. Rxa5 Rb4 42. Rf5 Rb1+ 43. Kd2 Be4 44. Rf4 Bc6 45. Rc4 Rb2+ 46.
Rc2 Rb4 47. Kc3 Ra4 48. Kb3 Ra8 49. Rc5 Rd8 50. Kc3 Be4 51. Nc4 Rd3+ 52. Kb4 Rd4
53. Kc3 Rd3+ 54. Kb4 Rd4 55. Kc3 Rd3+ 56. Kb4 Rd4 57. Kc3 Rd3+ 58. Kb4 Rd4 59.
Re5+ Kf6 60. Rc5 Ke6 61. Kc3 Rd3+ 62. Kb4 Rd4 63. Kc3 Rd3+ 64. Kb4 Rd4 65. Kc3
Rd3+ 66. Kb4 Rd4 67. f3 1/2-1/2

[Event "Open Portugal 2019"]
[Site "Lisboa POR"]
[Date "2019.02.08"]
[Round "8.24"]
[White "Martins, Bruno"]
[Black "Srinath, Rao S. V."]
[Result "0-1"]
[WhiteElo "2204"]
[BlackElo "2437"]
[WhiteFideId "1942255"]
[BlackFideId "5028876"]
[WhiteTitle "NM"]
[BlackTitle "FM"]
[WhiteCountry "POR"]
[BlackCountry "IND"]
[PlyCount "55"]
[EventDate "2019.??.??"]

1. e4 e6 2. d4 d5 3. Nd2 Be7 4. Ngf3 Nf6 5. e5 Nfd7 6. Bd3 c5 7. c3 b6 8. a4 Ba6
9. Bb5 c4 10. b3 cxb3 11. Nxb3 Qc8 12. O-O Bxb5 13. axb5 Qc4 14. Bg5 Bf8 15.
Nbd2 Qxb5 16. c4 dxc4 17. Qe2 Na6 18. Nxc4 Nc7 19. d5 Qxd5 20. Rfd1 Qb7 21. Rd6
Nd5 22. Nd4 Be7 23. Nb5 O-O 24. Rxd5 Qxd5 25. Bxe7 Qxb5 26. Bxf8 Rxf8 27. Qe4
Qb4 28. Qd4 0-1

[Event "Open Portugal 2019"]
[Site "Lisboa POR"]
[Date "2019.02.08"]
[Round "8.25"]
[White "Nielsen, André"]
[Black "Kaasen, Tor Fredrik"]
[Result "0-1"]
[WhiteElo "2201"]
[BlackElo "2387"]
[WhiteFideId "1518240"]
[BlackFideId "1516647"]
[WhiteTitle "FM"]
[BlackTitle "IM"]
[WhiteCountry "NOR"]
[BlackCountry "NOR"]
[PlyCount "68"]
[EventDate "2019.??.??"]

1. e4 c5 2. Nf3 d6 3. d4 cxd4 4. Nxd4 Nf6 5. Nc3 a6 6. Bc4 e6 7. Bb3 Nbd7 8. f4
Nc5 9. f5 Be7 10. Qf3 O-O 11. Be3 e5 12. Nde2 Nxb3 13. axb3 b5 14. O-O Bb7 15.
Rfd1 Qc7 16. Rac1 b4 17. Nd5 Bxd5 18. exd5 Rfc8 19. Ng3 h6 20. Ne4 a5 21. Rd3 a4
22. Nxf6+ Bxf6 23. Qg4 e4 24. Rdd1 h5 25. Qxe4 Bxb2 26. Rb1 a3 27. Qxb4 Bc3 28.
Qf4 a2 29. Ra1 Bxa1 30. Rxa1 Qxc2 31. Bd4 Qb1+ 32. Kf2 Rc2+ 33. Kg3 Qxb3+ 34.
Kh4 Rxg2 0-1

[Event "Open Portugal 2019"]
[Site "Lisboa POR"]
[Date "2019.02.08"]
[Round "8.26"]
[White "Carrasco Martínez, Juan M"]
[Black "Álvarez Serrano, Carlos"]
[Result "1/2-1/2"]
[WhiteElo "2380"]
[BlackElo "2201"]
[WhiteFideId "2207729"]
[BlackFideId "22238689"]
[WhiteTitle "IM"]
[WhiteCountry "ESP"]
[BlackCountry "ESP"]
[PlyCount "52"]
[EventDate "2019.??.??"]

1. e4 c5 2. Nc3 d6 3. f4 g6 4. Nf3 Bg7 5. Bb5+ Bd7 6. a4 Nc6 7. O-O Nd4 8. d3
Nh6 9. h3 O-O 10. Bc4 Kh8 11. Be3 f5 12. Qd2 Nxf3+ 13. Rxf3 Bc6 14. Rff1 Ng8 15.
Rae1 Nf6 16. Bf2 b6 17. Be6 fxe4 18. dxe4 Ne8 19. Bh4 Nc7 20. Bb3 Qd7 21. Nd5
Rae8 22. Nxc7 Qxc7 23. f5 gxf5 24. exf5 c4 25. Bxc4 Bxg2 26. Rf4 Ba8 1/2-1/2

[Event "Open Portugal 2019"]
[Site "Lisboa POR"]
[Date "2019.02.08"]
[Round "8.28"]
[White "Lindbøl, Aleksander"]
[Black "Chingüün, Sumiya"]
[Result "0-1"]
[WhiteElo "2190"]
[BlackElo "2286"]
[WhiteFideId "1520644"]
[BlackFideId "4902572"]
[WhiteCountry "NOR"]
[BlackCountry "MGL"]
[PlyCount "56"]
[EventDate "2019.??.??"]

1. e4 c5 2. Nf3 e6 3. d4 cxd4 4. Nxd4 a6 5. Nc3 Qc7 6. Bd3 Bc5 7. Nb3 Be7 8. f4
d6 9. Qf3 b5 10. O-O Bb7 11. Be3 Nd7 12. Rad1 Ngf6 13. a3 O-O 14. Qh3 Rfd8 15.
g4 d5 16. exd5 exd5 17. Nd4 Ne4 18. Bxe4 dxe4 19. Nf5 Bf8 20. g5 Nb6 21. Ng3 Nc4
22. Ngxe4 Re8 23. b3 Bxe4 24. Nxe4 Rxe4 25. bxc4 Qxc4 26. Bc1 Qxc2 27. Rd2 Qc4
28. Qf3 Rae8 0-1